00958nam a22002297a 4500001000700000003000900007005001700016008004100033040004400074041000800118082001400126245007200140260021700212300001700429490004500446650001800491650002000509700005300529942001200582999001900594952011500613113854DR-UNIBE20250710094310.0250709b1998 mx ||||| |||| 00| 0 spa d aBIBLIOTECA UNIBEcBIBLIOTECA UNIBEerda aspa aF-RD 5994 a Relatoría del taller : la niña de hoy es la mujer de mañana  aMéxico :bGrupo Interdisciplinario sobre Mujer, Trabajo y Pobreza(GIMTRAP) :bSistema Nacional para el Desarrollo Integral de la Familia(DIF) :bFondo de las Naciones Unidas para la Infancia(UNICEF), c1998 a62 páginas aNiña de hoy es la mujer de mañana, 1 72lembaMujeres 72lembaFeminismo aFlorinda Riquer Fernándezecoordinador9197195 2ddccBK c113854d113854 00102ddc708FOL-RDaPrincipald2025-07-10l0oF-RD 5994pF250129r2025-07-10 09:43:47tEj. 1w2025-07-10yBK